000 00296nam a22001337a 4500
008 170208b xxu||||| |||| 00| 0 eng d
020 _a0323001483
041 _aeng
080 _a61
100 _a3
101 _aSHM
245 _aPRIMARY CARE ACROSS THE LIFESPAN
_cROBINSON, D
942 _2udc
_cBK
999 _c4858
_d4858